Rozpoznaj rybę po zdjęciu #2 - Statystyki

Ogólne statystyki
  • Ten quiz został rozwiązany 201 razy
  • Średni wynik to 3 z 15
Statystyki odpowiedzi
Obrazkowy Odpowiedź % Poprawnych
{Złota}Rybka
96%
Płaszczka
86%
Koi
32%
{Bass} Wielkogębowy
29%
Żaglica
12%
Bieługa
11%
Minóg Morski
7%
Bojownik syjamski
4%
Pokolec królewski
3%
{Wędkarz }Ryba
3%
Pławikonik australijski
2%
Tuńczyk Wielkooki
2%
Motylowiec
1%
Ryba spustowa
1%
Zebra Pielęgnica
1%
Nie znaleziono quizów pasujących do podanych kryteriów
Rozkład punktacji
Procent ludzi z każdym wynikiem
Percentyl według liczby udzielonych odpowiedzi
Twoja historia wyników
Nie rozwiązałeś tego quizu